000
00239nam a2200085Ia 4500
245
0
_a
The reformed vampire support group
100
_a
Jinks, Catherine London, 2009
_9
80055
942
_c
BK
008
210817s9999 xx 000 0 und d
999
_c
280232
_d
280231